| 000 | 00969nam a22003137a 4500 | ||
|---|---|---|---|
| 003 | CHAP | ||
| 005 | 20220329134251.0 | ||
| 008 | 971013s1971 r 00010 d | ||
| 010 | _a17868 | ||
| 011 | _a18840 | ||
| 035 | _a22925 | ||
| 040 | _cCHAP | ||
| 090 | _aFolleto 1763 | ||
| 100 | 0 | 0 |
_aBlanco Macías, Gonzalo. _913085 |
| 245 | _aRehabilitación racional de las zonas áridas y semi-áridas de México | ||
| 250 | _a2 ed. | ||
| 260 |
_aMéxico, D. F. : _b(s.e.), _c1971 |
||
| 300 | _a39 h. | ||
| 590 |
_aBATCH-UPD _b10 _c20130110 _lUCH01 _h0214 |
||
| 590 |
_aBATCH-UPD _b10 _c20130110 _lUCH01 _h1758 |
||
| 590 |
_aBATCH-UPD _b10 _c20130409 _lUCH01 _h2231 |
||
| 590 |
_aBATCH-UPD _b10 _c20130410 _lUCH01 _h1135 |
||
| 590 |
_aBATCH-UPD _b10 _c20130914 _lUCH01 _h0642 |
||
| 590 |
_aCONVERSION _b10 _c20130109 _lUCH01 _h1311 |
||
| 650 | 1 | 4 |
_aRegiones áridas _zMéxico. _995690 |
| 901 | _aBK | ||
| 942 | _cFOLL | ||
| 949 |
_aFolleto 1763 _bBC _cFOLL _d-53518 _eTS1 _i22925 _si |
||
| 999 |
_c17868 _d17868 |
||